Is it in Pennsylvania? Sudden Death & Whammies - Statistics

General Stats
  • This quiz has been taken 25 times
  • The average score is 17 of 20
Answers on the Grid
Answers color-coded by a green-red scale on the quiz's grid according to % correct below.
Cleveland
The Liberty Bell
Banff National Park
Independence Hall
Harrisburg
Rockefeller Center
Lake Erie
Pittsburgh
Lake Ontario
Punxsutawney
Niagara Falls
Philadelphia
Susquehanna River
Everglades National Park
Lehigh Valley
Hershey Chocolate Company
Gettysburg Battlefield
Pocono Mountains
Fenway Park
Three Mile Island nuclear plant
Appalachian Mountains
Rocky Mountains
Mississippi River
Flight 93 National Memorial
Scranton
Wheeling
Centralia mine fire
Toledo
More than 94,000 Amish people
Lancaster
Allentown
Newark
 
Answer Stats
Answer % Correct
Lake Erie
91%
Pittsburgh
91%
The Liberty Bell
91%
Allentown
86%
Appalachian Mountains
86%
Flight 93 National Memorial
86%
Hershey Chocolate Company
86%
More than 94,000 Amish people
86%
Philadelphia
86%
Gettysburg Battlefield
82%
Lancaster
82%
Pocono Mountains
82%
Punxsutawney
82%
Scranton
82%
Centralia mine fire
77%
Harrisburg
77%
Independence Hall
77%
Lehigh Valley
77%
Susquehanna River
77%
Three Mile Island nuclear plant
77%
No matching quizzes found
Score Distribution
Percent of People with Each Score
Percentile by Number Answered
Your Score History
You have not taken this quiz